000 00878nam a2200277 i 4500
003 DO-SdBNP
005 20250702093237.0
007 ta
008 250702s2013 dr 001 f spa d
020 _a9789945489545
040 _aDO-SdBNP
_bspa
_cBNPHU
_erda
082 _aRD863.44
_bP437c
_222
100 1 _aPereyra, Emilia,
_d1963-
_912303
_eautora
_4aut.
245 1 0 _aCenizas del querer /
_cEmilia Pereyra.
264 1 _aSanto Domingo :
_bEditorial Santuario,
_c2013.
300 _a202 páginas ;
_c23 cm.
336 _atexto
_btxt
_2rdacontent
337 _asin mediación
_bn
_2rdamedia
338 _avolumen
_bnc
_2rdacarrier
500 _aIncluye datos biográficos de la autora en la solapa de la cubierta.
590 _aInventariado, 2025/ YL
650 0 _aNovela dominicana
_9223
650 0 _aLiteratura dominicana.
_967
910 _aYLockward
942 _2ddc
_cLBS1
999 _c59411
_d59411